000
00301nam a22001457a 4500
008
210518b ||||| |||| 00| 0 eng d
020
_a
0934433062
041
_a
eng
080
_2
2nd
_a
004
082
_2
004
100
_a
28
101
_a
SHKI
245
_a
Basic
_c
Bijan Mashaw
942
_2
udc
_c
BK
999
_c
57450
_d
57450